Kingdom Hearts Roxas' Keyblades by hint - Statistics

General Stats
  • This quiz has been taken 16 times
  • The average score is 14 of 28
Answer Stats
Hint Answer % Correct
Even Blacker than Black Darker than Dark
70%
Burning at Evening
Twilight Blaze
70%
Moon Covering Lunar Eclipse
70%
Rebel Burst Fire Maverick Flare
70%
Stellar Explosion Astral Blast
60%
Monster of the Deep
Leviathan
60%
Yelling at the Opposite of Noon Midnight Roar
60%
Honoring One's Promises Oathkeeper
60%
Last War Tool Omega Weapon
60%
Roxas, that's a... Stick
60%
Completely Covered Total Eclipse
60%
A Reduced Duo Two Become One
60%
Rain Stopper Umbrella
60%
A Quick Sight of Lightlessness Glimpse of Darkness
50%
Tool to unlock a Monarch's Realm Kingdom Key
50%
Nothing
Oblivion
50%
How one feels about being alone Pain of Solitude
50%
Saying No to Predestination Rejection of Fate
50%
Song of Dawn Aubade
40%
Crest of Culpability Crown of Guilt
40%
Deep Deep Water Movement
Abyssal Tide
40%
Soundless Funeral Song Silent Dirge
40%
Fighting Against Flying Mammals Struggle Bat
40%
Real Illumination Glide True Light's Flight
40%
Dark Angel of Ionized Matter Abaddon Plasma
30%
A Hurt from what was Lost
Missing Ache
30%
Symbol of Blamelessness Sign of Innocence
30%
Looming Destruction
Ominous Blight
20%
No matching quizzes found
Score Distribution
Percent of People with Each Score
Percentile by Number Answered
Your Score History
You have not taken this quiz